| 000 | 01308nam0a22003131 4500 | ||
|---|---|---|---|
| 001 | RU\INGAK2\INFOCOMM_322\NLR\5000174807 | ||
| 005 | 20250625202925.0 | ||
| 010 | _a83-221-0487-1 | ||
| 035 | _a(NLR Aleph) 011041463 | ||
| 090 |
_a11155344 _c11155344 |
||
| 100 | _a20130213d1991 |||y0rusy50 ca | ||
| 101 | 1 |
_apol _crus |
|
| 102 |
_aPL _aRU |
||
| 105 | _ay z|||| | ||
| 200 | 1 |
_aMalarstwo dawnych mistrzów w muzeach Związku Radzieckiego _e[Album _fAut. tekstu i wyboru zdjęć: Irena W. Linnik _gZ ros. przeł.: Irena Dulewiczowa] |
|
| 210 |
_aWarszawa _cWydaw. artystyczne i filmowe _aL. _cAurora _d1991 |
||
| 215 |
_a210 с. _cцв. ил. _d33 см |
||
| 300 | _aВ вып. дан.: Живопись старых мастеров в музеях Советского Союза : Альбом | ||
| 606 | 0 |
_aЖивопись _yЗападная Европа _yГос. Эрмитаж. Ленинград _jСобрания _2nlr_sh1 |
|
| 620 | _aСанкт-Петербург | ||
| 686 |
_aЩ143(0)л61 _2rubbk |
||
| 686 |
_aЩ101.3(2Р)-2Ленинград2 _2rubbk |
||
| 702 | 1 |
_9z01790 _aLinnik _bI. V. _gIrina Vladimirovna _4770 |
|
| 790 | 1 |
_9z01702 _aLinnik _bI. W. _gIrena W. _4770 |
|
| 801 | 1 |
_aRU _bInfoComm _c20130213 |
|
| 801 | 0 |
_aRU _bNLR _gPSBO |
|
| 852 |
_aNLR _jЭ АЛИс462/2-27 |
||
| 942 | _cBOOK | ||
| 980 | _aNB | ||